000 00966nam2a2200265 4500
001 RU\NLR\bibl\1178988
005 20250615091707.0
010 _a966-7482-48-0
_bт. 2
_92000
035 _a(NLR Aleph) 001165612
090 _a1565023
_c1565023
100 _a20080123d2005 |||y0rusy50 ca
101 0 _arus
102 _aRU
105 _aa |||||||||
200 0 _aТ. 2
210 _d2005
_aБ. м.
215 _a379, [3] с.
_cпортр.
320 _aБиблиогр. в Комент.: с. 271-320 и в подстроч. прим.
320 _aПокажчики: Iмен., Геогр.: с. 321-379
461 0 _1001RU\NLR\bibl\1223590
_12001#$aТвори$vТ. 2
_971613
_aЯворницький, Д.I. (1855-1940)
_cКиïв
_d2005
_fДмитро Яворницький
_nТандем-У
_oу 20 т.
_tТвори
_y966-7482-30-8
_vТ. 2
801 0 _aRU
_bNLR
_c20080123
_gRCR
801 1 _aRU
_bNLR
_c20080123
942 _cBOOK
980 _aNB